|
|
|
|
| LEADER |
00000cam a2200000 7i4500 |
| 001 |
0000004143 |
| 005 |
20220105103958.0 |
| 008 |
070725 |
| 020 |
|
|
|a 0709712596
|
| 090 |
0 |
0 |
|a JP
|b FT ENG
|
| 245 |
1 |
0 |
|a Goodnight stories and rhymes :
|b book 1
|
| 260 |
|
|
|a England :
|b Brown Watson ,
|c 1999
|
| 500 |
|
|
|a Children age 4-6 years old (yellow)
|
| 650 |
|
0 |
|a Junior fiction
|x Rhymes fiction
|
| 999 |
|
|
|a 0000973895
|b Book
|c Children Collection
|e Perbadanan Perpustakaan Awam Johor
|
| 999 |
|
|
|a 0000973897
|b Book
|c Children Collection
|e Cawangan Bandar Penawar
|
| 999 |
|
|
|a 0000983297
|b Book
|c Children Collection
|e Cawangan Mersing
|
| 999 |
|
|
|a 0000983299
|b Book
|c Children Collection
|e Perbadanan Perpustakaan Awam Johor
|
| 999 |
|
|
|a 0000983300
|b Book
|c Children Collection
|e Perbadanan Perpustakaan Awam Johor
|
| 999 |
|
|
|a 0000983301
|b Book
|c Children Collection
|e Perbadanan Perpustakaan Awam Johor
|
| 999 |
|
|
|a 0001079950
|b Book
|c Children Collection
|e Cawangan Taman Universiti
|
| 999 |
|
|
|a 0001255615
|b Book
|c Children Collection
|e Cawangan AEON Kulaijaya
|
| 999 |
|
|
|a 0001257310
|b Book
|c Children Collection
|e Cawangan Urban Transformation Centre
|